000 01093nam a2200301 c 4500
999 _c342741
_d342741
003 BLK
005 20191010121049.0
008 180911b bul|||||r ||||||| ||bul||
010 _a002395
040 _aBLK
041 _aBUL
_cBUL
080 _z398.8
100 1 _aСТОИЛОВ, Антон
_eпърви автор
_9396917
245 0 0 _aРъкописната фолклорна сбирка на Найдена Геров
260 _aСофия
_c1925
_fДърж. печ.
300 _a39 с
_c27 см
380 _a5
490 _aЧастна колекция - Академик Михаил Арнаудов
_gДарение - Основен фонд
500 _aОтпеч. от Сб. в чест и в памет на професор Луи Леже : 1925. Отпеч. от Сборник БАН : Кн. ХIV. - 1920.
520 _aМихаил Арнаудов: негови-книга
650 _aФолклор
_9175904
650 _aПесни
_9166108
655 _aбългарска етнология
_9396199
700 1 _aА. П. Стоилов
_9400141
852 _aМА 4123
942 _cKNG
_n0
_s1
944 _aCR
_c1994
999 _d342741